• 首页
  • 本馆介绍
  • 公告通知
  • 最新文献
  • 馆藏检索
  • 电子资源
  • 读者导购
  • 参考咨询
  • 我的图书馆
  • 登录
  • 详细信息显示
  • 放入我的书架
  • 预约/预借图书
  • 作者相关作品
  • 分类相关作品
  • 丛书相关作品
  • 出版社相关作品

书目信息

  • 表格格式
  • 工作单格式
  • 卡片格式
题名:
怎样跳集体舞
    
 
作者: 李振文 编
分册:  
出版信息: 上海   上海文艺出版社  1984.9
页数: 75页
开本: 20cm
丛书名:
单 册:
中图分类: J722.1
科图分类:
主题词: 舞蹈艺术--中国 , 舞剧--中国
电子资源:
ISBN:
000 00511nam0 2200193 45
001 0312221749
005 20060424104813.81
010    @dCNY0.29
100    @a20031222d1984 km y0chiy0120 ea
101    @achi
200 1  @a怎样跳集体舞@AZen Yang Tiao Ji Ti Wu@f李振文编@FLi Zhen Wen Bian
210    @a上海@c上海文艺出版社@d1984.9
215    @a75页@d20cm
606 0  @a舞蹈艺术@x中国
606 0  @a舞剧@x中国
690    @aJ722.1@v3
701 0  @a李振文@4编
801    @aCN@bTSTCL@c20060424
905    @a213230@dJ722.1@e12
    
    怎样跳集体舞/李振文编.-上海:上海文艺出版社,1984.9
    75页;20cm
    
    
    ISBN :CNY0.29
    
●
相关链接 在E读中查询图书 在五车中查询图书 在当当中查询图书 在豆瓣中查询图书


正题名:怎样跳集体舞     索取号:J722.1/12         预约/预借

序号 登录号 条形码 馆藏地/架位号 状态 备注
1 0136389   001224491   第一借阅区/ [索取号:J722.1/12] 在馆    
2 0136390   001224543   密集书库/ [索取号:J722.1/12] 在馆    
3 0136391   202281681   密集书库/ [索取号:J722.1/12] 在馆    
4 0136392   001224507   密集书库/ [索取号:J722.1/12] 在馆    
5 0136393   202281645   密集书库/ [索取号:J722.1/12] 在馆    
唐山师范学院图书馆 欢迎您!
大连网信软件有限公司© 版权所有